[Event "ICS Rated blitz match"]
[Site "204.178.125.65"]
[Date "1999.12.01"]
[Round "?"]
[White "Amateur"]
[Black "Hossa"]
[Result "0-1"]
[WhiteElo "2450"]
[BlackElo "2429"]
[PlyCount "174"]
[EventDate "1999.??.??"]

1. e4 e5 2. Nf3 Nc6 3. Bb5 d6 4. d4 a6 5. Bxc6+ bxc6 6. dxe5 Qe7 7. Qd4 Bg4 8.
Bf4 f6 9. exd6 cxd6 10. Nbd2 d5 11. Qb6 Bd7 12. O-O Qb4 13. Qxb4 Bxb4 14. exd5
cxd5 15. Rfe1+ Ne7 16. c3 g5 17. Bg3 Bc5 18. Nb3 Bb6 19. Bd6 Bd8 20. Nc5 Bg4
21. Nd4 Kf7 22. Nb7 Nc8 23. Bg3 Bb6 24. Nc6 Re8 25. Rxe8 Kxe8 26. Re1+ Kd7 27.
Nb4 Be6 28. c4 dxc4 29. Rd1+ Ke7 30. Rd2 Kf7 31. Nc6 Kg7 32. a3 a5 33. Kh1 h5
34. h4 a4 35. hxg5 fxg5 36. Be5+ Kg6 37. Bc3 Bg8 38. Be5 Be6 39. Bg3 Kg7 40.
Bb8 h4 41. f3 Ra6 42. Nb4 Ra8 43. Be5+ Kg6 44. Nc6 Na7 45. Nb8 Nb5 46. Nc6 Re8
47. Kh2 Bf5 48. Rd5 Re6 49. Nd6 Nc7 50. Rd1 Bc2 51. Rc1 Bd3 52. f4 gxf4 53.
Bxf4 Nd5 54. Ne5+ Kh7 55. Nd7 Nxf4 56. Nf8+ Kg7 57. Nxe6+ Nxe6 58. Nxc4 Bd4 59.
g3 hxg3+ 60. Kxg3 Kg6 61. Kg4 Be2+ 62. Kg3 Kg5 63. Rc2 Bd3 64. Rc1 Nf4 65. Nd2
Ne2+ 66. Kh3 Bf5+ 67. Kg2 Nxc1 68. Nf3+ Kf4 69. Nxd4 Be4+ 70. Kh3 Ke5 71. Nb5
Nd3 72. Kg4 Nxb2 73. Kg3 Nc4 74. Kf2 Bc6 75. Nc3 Nxa3 76. Nxa4 Bxa4 77. Ke1 Nc4
78. Kf1 Bd1 79. Kg1 Bf3 80. Kh2 Kf4 81. Kg1 Ne3 82. Kh2 Bg4 83. Kh1 Kg3 84. Kg1
Bf5 85. Kh1 Kf2 86. Kh2 Nf1+ 87. Kh1 87... Be4# {Amateur checkmated} 0-1

[Event "ICS Rated blitz match"]
[Site "204.178.125.65"]
[Date "1999.12.01"]
[Round "?"]
[White "Beadle"]
[Black "Hossa"]
[Result "1/2-1/2"]
[WhiteElo "2578"]
[BlackElo "2446"]
[PlyCount "126"]
[EventDate "1999.??.??"]

1. e4 e5 2. Nf3 Nc6 3. Bb5 d6 4. d4 a6 5. Bxc6+ bxc6 6. dxe5 Qe7 7. Qd4 Bg4 8.
Bg5 f6 9. exf6 gxf6 10. Nbd2 c5 11. Qc3 d5 12. O-O d4 13. Nxd4 fxg5 14. Ne6 Nf6
15. Nxg5 Rg8 16. e5 Nh5 17. h4 Nf4 18. Qe3 Ne2+ 19. Kh1 O-O-O 20. Rae1 Nd4 21.
Qe4 Rxg5 22. hxg5 Qxg5 23. Kg1 Nxc2 24. e6 Kb8 25. Qxc2 Rxd2 26. Qb3+ Kc8 27.
Qe3 Qxe3 28. Rxe3 Be7 29. f3 Bf5 30. Rf2 Rd1+ 31. Kh2 Rd6 32. Rfe2 Bd3 33. Re1
Bb5 34. b3 Rd2 35. a4 Bd3 36. Kh3 c4 37. bxc4 Bxc4 38. Re4 Bb3 39. a5 c5 40.
R1e2 Rd1 41. Re5 Kc7 42. g3 Bc4 43. R2e3 Rh1+ 44. Kg4 h5+ 45. Kf4 Bb5 46. Rf5
Kc6 47. Rf7 Kd6 48. Rf5 c4 49. Rfe5 Rh2 50. Kf5 Rf2 51. Ra3 Bc6 52. f4 Bf3 53.
Rc3 Be2 54. Ree3 Bg4+ 55. Kg6 Bxe6 56. Rc1 Bg4 57. Rxc4 Kd5 58. Rcc3 Bb4 59.
Red3+ Ke4 60. Re3+ Kd4 61. Red3+ Ke4 62. Re3+ Kd4 63. Red3+ 63... Ke4 {
Game drawn by repetition} 1/2-1/2

[Event "ICS Rated blitz match"]
[Site "204.178.125.65"]
[Date "1999.12.01"]
[Round "?"]
[White "Hossa"]
[Black "PostModernist"]
[Result "0-1"]
[WhiteElo "2452"]
[BlackElo "2555"]
[PlyCount "116"]
[EventDate "1999.??.??"]

1. e4 c5 2. Nf3 d6 3. d4 Nf6 4. Nc3 cxd4 5. Nxd4 e6 6. g4 Be7 7. g5 Nfd7 8. Bg2
O-O 9. O-O Bxg5 10. Bxg5 Qxg5 11. Ndb5 Nc6 12. Nc7 Rb8 13. Qxd6 e5 14. f4 Qh4
15. Rad1 Nb6 16. fxe5 Bg4 17. Rf4 Rfd8 18. Qc5 Rxd1+ 19. Nxd1 g5 20. Rxg4 Qxg4
21. Nf2 Qf4 22. e6 Qxc7 23. Qxg5+ Kf8 24. Qh6+ Ke8 25. Qxh7 Qf4 26. exf7+ Qxf7
27. Qh8+ Kd7 28. Qh3+ Kd8 29. Qh4+ Kc8 30. Bh3+ Nd7 31. Qg3 Kd8 32. Qd6 Qg7+
33. Kf1 Rc8 34. c3 Nce5 35. Qd4 Qh6 36. a3 Rc6 37. Bxd7 Nxd7 38. h3 Qc1+ 39.
Nd1 Rh6 40. Qd5 Qf4+ 41. Nf2 Rxh3 42. Qxb7 Rh2 43. Qa8+ Ke7 44. Qxa7 Qc1+ 45.
Ke2 Qxb2+ 46. Kf3 Qxc3+ 47. Ke2 Qb2+ 48. Kf3 Qd2 49. Kg3 Rh8 50. Kg2 Qe2 51.
Kg3 Rg8+ 52. Kf4 Rf8+ 53. Kg5 Qd2+ 54. Kh5 Rg8 55. Nh3 Qd1+ 56. Kh6 Qd6+ 57.
Kh5 Qg6+ 58. Kh4 58... Rh8# {Hossa checkmated} 0-1

[Event "ICS rated blitz match"]
[Site "204.178.125.65"]
[Date "1999.12.01"]
[Round "?"]
[White "kom"]
[Black "Hossa"]
[Result "0-1"]
[WhiteElo "2246"]
[BlackElo "2441"]
[PlyCount "100"]
[EventDate "1999.??.??"]

1. e4 e5 2. Nf3 Nc6 3. d4 exd4 4. Bc4 Nf6 5. Ng5 d5 6. exd5 Nxd5 7. O-O Be7 8.
Nxf7 Kxf7 9. Qf3+ Bf6 10. Bxd5+ Kf8 11. Bxc6 bxc6 12. Qxc6 Bd7 13. Qf3 Kf7 14.
Nd2 Re8 15. Ne4 Kg8 16. Nxf6+ Qxf6 17. Qg3 Ba4 18. Qxc7 Rec8 19. Qg3 Rxc2 20.
Bg5 Qf5 21. Rad1 Rxb2 22. Rxd4 Rxa2 23. Rf4 Qg6 24. h4 Bc2 25. Rc4 h6 26. Qf3
Rf8 27. Qd5+ Qf7 28. Qxf7+ Rxf7 29. Be3 a5 30. Rc1 Bb3 31. Rc8+ Kh7 32. Ra8 a4
33. h5 Be6 34. Rb1 Rf5 35. Rb7 Bd5 36. Rb5 Ra1+ 37. Kh2 Rxh5+ 38. Kg3 Rg1 39.
Rxd5 Rxd5 40. Rxa4 Rd6 41. Ra7 Rg6+ 42. Kf3 R6xg2 43. Bd4 h5 44. Ra5 Rg5 45.
Ra7 h4 46. Be3 h3 47. Bxg5 h2 48. Bf4 h1=Q+ 49. Ke3 Qd5 50. Ra4 50... Re1# {
kom checkmated} 0-1

[Event "ICS rated blitz match"]
[Site "204.178.125.65"]
[Date "1999.12.01"]
[Round "?"]
[White "Hossa"]
[Black "ComeOnThen"]
[Result "1-0"]
[WhiteElo "2449"]
[BlackElo "2167"]
[PlyCount "20"]
[EventDate "1999.??.??"]

1. e4 d5 2. exd5 Nf6 3. d4 Bg4 4. Be2 Bxe2 5. Qxe2 Qxd5 6. Nf3 Nc6 7. c4 Qh5 8.
Bd2 O-O-O 9. d5 Nb8 10. Ne5 10... Nbd7 {ComeOnThen resigns} 1-0

[Event "ICS rated blitz match"]
[Site "204.178.125.65"]
[Date "1999.12.01"]
[Round "?"]
[White "Hossa"]
[Black "Talmoves"]
[Result "0-1"]
[WhiteElo "2451"]
[BlackElo "2578"]
[PlyCount "142"]
[EventDate "1999.??.??"]

1. e4 c5 2. Nf3 d6 3. d3 Nc6 4. c4 g6 5. d4 cxd4 6. Nxd4 Bg7 7. Be3 Qa5+ 8. Nc3
Bd7 9. Be2 Bxd4 10. Bxd4 Nxd4 11. Qxd4 Nf6 12. O-O O-O 13. Nd5 Nxd5 14. exd5
Bf5 15. Qf4 Qc5 16. Rfd1 Rae8 17. Rd2 a6 18. Bf1 e5 19. dxe6 Rxe6 20. Rad1 Qb6
21. Rxd6 Rxd6 22. Qxd6 Qxb2 23. Qe7 Bg4 24. Rd8 Rxd8 25. Qxd8+ Kg7 26. a4 Qa1
27. Qd2 Be6 28. Qb4 Bf5 29. Qd2 b6 30. Qd6 Be6 31. Qb4 a5 32. Qb5 Bf5 33. Qb3
Bg4 34. Qd3 h6 35. h3 Bf5 36. Qb3 h5 37. h4 Be6 38. Qb5 Bg4 39. Qe8 Qd4 40. Qe7
Bd1 41. Qe8 Qxh4 42. Qd7 Bc2 43. Bd3 Bxd3 44. Qxd3 Qf4 45. g3 Qf6 46. Qd7 Qe5
47. Qc6 Qa1+ 48. Kg2 Qd4 49. Qd5 Qxd5+ 50. cxd5 Kf6 51. f4 Ke7 52. Kf3 f6 53.
Ke3 Kd6 54. Kd4 g5 55. fxg5 fxg5 56. Ke4 b5 57. axb5 a4 58. Kd3 Kxd5 59. Kc2 h4
60. b6 Kc6 61. g4 h3 62. Kd3 Kxb6 63. Kd4 h2 64. Kc3 h1=Q 65. Kd4 a3 66. Ke5
Qh2+ 67. Ke6 a2 68. Kf5 a1=Q 69. Kg6 Qf4 70. Kh5 Qf7+ 71. Kxg5 71... Qaf6# {
Hossa checkmated} 0-1

[Event "ICS rated blitz match"]
[Site "204.178.125.65"]
[Date "1999.12.01"]
[Round "?"]
[White "Talmoves"]
[Black "Hossa"]
[Result "1-0"]
[WhiteElo "2588"]
[BlackElo "2441"]
[PlyCount "129"]
[EventDate "1999.??.??"]

1. e4 e5 2. f4 exf4 3. Nf3 d5 4. exd5 Nf6 5. Bb5+ c6 6. dxc6 Nxc6 7. d4 Qe7+ 8.
Kf1 Qd6 9. c4 Be7 10. c5 Qd8 11. Nc3 Be6 12. Ne5 Rc8 13. Qa4 O-O 14. Bxc6 bxc6
15. Ne2 f3 16. gxf3 Qc7 17. Rg1 Nh5 18. Nf4 Nxf4 19. Bxf4 Rfe8 20. Kg2 Qb7 21.
b3 Bd5 22. Kf2 Kh8 23. Rae1 Rcd8 24. Qa5 Bh4+ 25. Bg3 Bg5 26. h4 Be7 27. Re3
Be6 28. Rd1 Kg8 29. Qa4 Bd5 30. Rde1 Bf6 31. Ng4 Be7 32. R1e2 f5 33. Qa5 Rd7
34. Ne5 f4 35. Bxf4 Bxh4+ 36. Kg1 Rde7 37. Rh2 Bf6 38. Qe1 Rf8 39. Qb1 g5 40.
Rg2 Rg7 41. Bh2 Qb4 42. Qd3 Re7 43. Bf4 Rg7 44. Bg3 Re7 45. Rh2 Rg7 46. Kh1 Rb7
47. Rh6 Qa5 48. Ng4 Bd8 49. Be5 Re7 50. Nf6+ Rxf6 51. Bxf6 Qb5 52. Qxb5 Rxe3
53. Qb8 Re8 54. Bxd8 Bxf3+ 55. Kg1 Be4 56. Qc7 Bd3 57. Bf6 Re1+ 58. Kf2 Re2+
59. Kg3 Kf8 60. Be7+ Kg7 61. Bf8+ Kxf8 62. Rf6+ Ke8 63. Qxc6+ Kd8 64. Rf8+ Re8
65. Rxe8# {Hossa checkmated} 1-0

[Event "ICS rated blitz match"]
[Site "204.178.125.65"]
[Date "1999.12.01"]
[Round "?"]
[White "R-172"]
[Black "Hossa"]
[Result "0-1"]
[WhiteElo "2080"]
[BlackElo "2431"]
[PlyCount "52"]
[EventDate "1999.??.??"]

1. e4 c5 2. b4 cxb4 3. a3 e5 4. axb4 Bxb4 5. Bb2 d6 6. Bc4 Qb6 7. Nc3 Nf6 8.
Qe2 O-O 9. Bb3 Rd8 10. h3 Nc6 11. Na4 Qc7 12. c3 Ba5 13. Nf3 d5 14. exd5 Nxd5
15. O-O Nf4 16. Qe3 Rd3 17. Qe4 g6 18. Nc5 Bf5 19. Qc4 Nxh3+ 20. gxh3 Rxf3 21.
d4 Bxh3 22. d5 Rf4 23. Ne4 Qc8 24. f3 Bb6+ 25. Kh2 Bxf1 26. Rxf1 26... Rh4+ {
R-172 resigns} 0-1

[Event "ICS rated blitz match"]
[Site "204.178.125.65"]
[Date "1999.12.01"]
[Round "?"]
[White "Hossa"]
[Black "R-172"]
[Result "1/2-1/2"]
[WhiteElo "2435"]
[BlackElo "2076"]
[PlyCount "115"]
[EventDate "1999.??.??"]

1. e4 e5 2. f4 exf4 3. Nf3 g5 4. Bc4 Bg7 5. O-O h6 6. d4 d6 7. c3 Ne7 8. Qb3
O-O 9. Na3 Nbc6 10. Qb5 a6 11. Qb3 Na5 12. Qc2 Nxc4 13. Nxc4 b5 14. Ncd2 d5 15.
a4 dxe4 16. Qxe4 Bf5 17. Qe2 Nd5 18. Ne5 Ne3 19. Rf2 f6 20. Nc6 Qd6 21. axb5
axb5 22. Rxa8 Rxa8 23. Qxb5 Ra1 24. Nb3 Rb1 25. Nca5 Kh7 26. Nb7 Qe6 27. N7c5
Qd5 28. Qe8 Bc2 29. Qb5 f5 30. Rxc2 Nxc2 31. Qd7 Qxd7 32. Nxd7 Nxd4 33. cxd4
Bxd4+ 34. Nxd4 Rxc1+ 35. Kf2 Rd1 36. Nf8+ Kg8 37. Nfe6 Rd2+ 38. Kf1 Rxb2 39.
Nxf5 Kh7 40. Nxc7 Kg6 41. Nd4 Kf6 42. h3 Ke5 43. Ndb5 Ke4 44. Nd6+ Kd3 45. Nd5
Rd2 46. Nf6 Kd4 47. Nf7 f3 48. gxf3 Ke3 49. Nxh6 Kxf3 50. Ke1 Rh2 51. Nf7 Rxh3
52. Nxg5+ Kf4 53. Nf7 Kf5 54. Ng8 Rg3 55. Ngh6+ Kg6 56. Kd1 Rh3 57. Kc2 Rxh6
58. Nxh6 {Game drawn because neither player has mating material} 1/2-1/2

[Event "ICS rated standard match"]
[Site "204.178.125.65"]
[Date "1999.12.01"]
[Round "?"]
[White "Zippy"]
[Black "Hossa"]
[Result "1-0"]
[WhiteElo "2137"]
[BlackElo "2210"]
[PlyCount "163"]
[EventDate "1999.??.??"]

1. e4 c5 2. Nf3 d6 3. d4 Nf6 4. Nc3 cxd4 5. Nxd4 e6 6. Bc4 Be7 7. O-O O-O 8.
Qe2 d5 9. exd5 exd5 10. Bb5 Bd7 11. Bxd7 Qxd7 12. Bf4 Re8 13. Qd3 Nc6 14. Rad1
Nb4 15. Qf5 Qc8 16. a3 Nc6 17. Qxc8 Raxc8 18. Nf5 Rcd8 19. Rfe1 Bc5 20. b4 Bd4
21. Nb5 Rxe1+ 22. Rxe1 Bb2 23. Rb1 a6 24. Rxb2 axb5 25. f3 Ra8 26. Rb3 g6 27.
Bg5 Ne8 28. Ne7+ Nxe7 29. Bxe7 Rc8 30. Rd3 Rc7 31. Bc5 Nf6 32. c3 h6 33. Kf2
Kh7 34. Bd4 Ng8 35. Be5 Rd7 36. g4 g5 37. f4 f6 38. Bd4 gxf4 39. Kf3 Re7 40.
Bc5 Re5 41. Bd6 Re3+ 42. Rxe3 fxe3 43. Kxe3 Kg6 44. Kf4 h5 45. gxh5+ Kxh5 46.
Kf5 Nh6+ 47. Kxf6 Ng4+ 48. Ke6 Ne3 49. Bf4 Nc2 50. Kxd5 Kg4 51. Bc1 Ne1 52. Kd6
Nd3 53. Bh6 Kh5 54. Be3 Kg4 55. Kd5 Kh3 56. Kd4 Nb2 57. Bf4 Nc4 58. a4 Na3 59.
a5 Kg4 60. Bc1 Nb1 61. c4 bxc4 62. b5 c3 63. a6 bxa6 64. bxa6 Kh3 65. a7 Kg4
66. a8=Q Kf5 67. Qe4+ Kf6 68. Qxb1 Ke6 69. Qe4+ Kd7 70. h4 c2 71. Qxc2 Kd6 72.
Qc8 Ke7 73. Qc7+ Ke6 74. Qc6+ Kf5 75. Qh6 Kg4 76. Qg5+ Kf3 77. h5 Kf2 78. h6
Kf3 79. h7 Ke2 80. Qe3+ Kf1 81. h8=Q Kg2 82. Qhh3# {Hossa checkmated} 1-0

[Event "ICS rated blitz match"]
[Site "204.178.125.65"]
[Date "1999.12.01"]
[Round "?"]
[White "MissSilicon"]
[Black "Hossa"]
[Result "1-0"]
[WhiteElo "2732"]
[BlackElo "2420"]
[PlyCount "105"]
[EventDate "1999.??.??"]

1. Nf3 e6 2. Nc3 d5 3. e4 d4 4. Nb5 Nc6 5. c3 e5 6. cxd4 exd4 7. Qa4 Bc5 8. Bc4
a6 9. Ne5 axb5 10. Bxf7+ Kf8 11. Qxa8 Nxe5 12. Bd5 Nd3+ 13. Kf1 c6 14. Be6 Ne7
15. h4 Bb6 16. Bxc8 Qxc8 17. Qa3 Ne5 18. d3 c5 19. f4 b4 20. Qb3 N5c6 21. f5
Na5 22. Qc2 Kf7 23. Kg1 Nec6 24. h5 h6 25. Bf4 Qd7 26. Rh4 Qe7 27. Rg4 Re8 28.
Rg6 Qh4 29. Bd6 Qxh5 30. Bxc5 Bc7 31. Bd6 Bxd6 32. Rxd6 Qg5 33. Rf1 Qe3+ 34.
Kh2 Qg5 35. Qc5 Re5 36. Qc1 Qe7 37. Rg6 Rc5 38. Qf4 Qe5 39. f6 Qh5+ 40. Kg1
Qxg6 41. Qc7+ Kg8 42. f7+ Qxf7 43. Qxf7+ Kh7 44. Rf4 Ne5 45. Qf5+ g6 46. Qe6
Rc1+ 47. Kh2 Nac6 48. Rf8 Rh1+ 49. Kg3 h5 50. Qg8+ Kh6 51. Qh8+ Kg5 52. Qf6+
Kh6 53. Rh8# {Hossa checkmated} 1-0

[Event "ICS rated blitz match"]
[Site "204.178.125.65"]
[Date "1999.12.01"]
[Round "?"]
[White "Hossa"]
[Black "PostModernist"]
[Result "1/2-1/2"]
[WhiteElo "2415"]
[BlackElo "2582"]
[PlyCount "253"]
[EventDate "1999.??.??"]

1. e4 c6 2. d4 d5 3. exd5 cxd5 4. c4 Nf6 5. Nc3 g6 6. Bg5 Be6 7. Bxf6 exf6 8.
cxd5 Bxd5 9. Qe2+ Be7 10. O-O-O Qd6 11. Re1 Nc6 12. Qb5 O-O-O 13. Nxd5 Qxd5 14.
Qxd5 Rxd5 15. Nf3 Bb4 16. Rd1 Rd7 17. a3 Bd6 18. Kb1 a6 19. Bc4 Rhd8 20. Rhe1
Bc7 21. Re4 Bb6 22. d5 Ne7 23. Rc1 Kb8 24. Rh4 h5 25. Rf4 Bxf2 26. Rd1 Rd6 27.
Ka2 Ba7 28. Re4 R8d7 29. Re2 b5 30. Bb3 a5 31. Kb1 a4 32. Ba2 Kb7 33. Nh4 Bb6
34. Red2 g5 35. Nf3 Nf5 36. Rd3 Ne3 37. R1d2 Rd8 38. h3 h4 39. Ka1 R6d7 40. Kb1
Rc8 41. d6 Kb8 42. Nh2 Rc6 43. Ng4 Nxg4 44. hxg4 Ka7 45. b4 axb3 46. Bxb3 Bc5
47. Bxf7 Rcxd6 48. Rxd6 Rxd6 49. Rxd6 Bxd6 50. Kb2 Bf8 51. Bg6 Kb6 52. Kb3 Kc5
53. Be8 Bd6 54. Bd7 Kb6 55. Be6 Be7 56. Bf5 Kc5 57. Be6 Kc6 58. Bf5 Bf8 59.
Be4+ Kd6 60. Bd3 Kc5 61. Bf5 Bh6 62. Bg6 Kb6 63. a4 bxa4+ 64. Kxa4 Kc5 65. Kb3
Kd4 66. Bf5 Ke3 67. Kc4 Kf2 68. Be4 Bg7 69. Kd5 Kg3 70. Ke6 Kxg4 71. Bd5 f5 72.
Bc4 Bd4 73. Be2+ Kg3 74. Kxf5 Kxg2 75. Kxg5 h3 76. Kh5 h2 77. Kg4 Be5 78. Bf3+
Kf2 79. Bh1 Kg1 80. Bf3 Bd6 81. Kh4 Bf4 82. Kh5 Bd2 83. Kg6 Bb4 84. Kh6 Kf1 85.
Kh7 Bd6 86. Kh8 Kg1 87. Kg8 Bf4 88. Kh8 Kf2 89. Bh1 Bd2 90. Kg8 Bc1 91. Kh8 Kg1
92. Bf3 Bg5 93. Kg8 Kf2 94. Bh1 Bd2 95. Kh7 Bb4 96. Kh8 Kg1 97. Bf3 Be7 98. Kg8
Bc5 99. Kh7 Be3 100. Kh8 Kf1 101. Kg8 Bf4 102. Kh8 Kg1 103. Kg8 Bd6 104. Kh7
Kf2 105. Bh1 Ke1 106. Kh8 Ke2 107. Kg8 Bg3 108. Kh8 Bf4 109. Kg8 Kf1 110. Kh8
Bd2 111. Kg8 Kg1 112. Bf3 Bc3 113. Kh7 Kf2 114. Bh1 Kg3 115. Kg8 Bd4 116. Kh7
Kf2 117. Kg8 Be3 118. Kh8 Bf4 119. Kg7 Bg3 120. Kh7 Kg1 121. Bf3 Bc7 122. Kh8
Kf1 123. Kg8 Kf2 124. Bh1 Be5 125. Kh7 Kg1 126. Bf3 Kf1 127. Kg8 {
Game drawn by the 50 move rule} 1/2-1/2

[Event "ICS rated blitz match"]
[Site "204.178.125.65"]
[Date "1999.12.01"]
[Round "?"]
[White "PostModernist"]
[Black "Hossa"]
[Result "1-0"]
[WhiteElo "2575"]
[BlackElo "2422"]
[PlyCount "127"]
[EventDate "1999.??.??"]

1. e4 e5 2. Nc3 Nc6 3. Nf3 Nf6 4. d4 exd4 5. Nxd4 Bb4 6. Nxc6 bxc6 7. Bd3 d5 8.
exd5 cxd5 9. O-O O-O 10. Bg5 c6 11. Qf3 Re8 12. h3 Be7 13. Rfe1 Rb8 14. b3 Bd7
15. Rad1 d4 16. Ne4 a5 17. Nxf6+ Bxf6 18. Rxe8+ Bxe8 19. Qf5 Bxg5 20. Qxh7+ Kf8
21. Re1 Be3 22. Qh8+ Ke7 23. Qxg7 Kd6 24. fxe3 dxe3 25. Qd4+ Kc7 26. Qa7+ Rb7
27. Qxa5+ Kc8 28. Qe5 Ra7 29. Qxe3 Rxa2 30. Qxe8 Qxe8 31. Rxe8+ Kd7 32. Re1 Ra5
33. b4 Ra2 34. b5 cxb5 35. Bxb5+ Kd6 36. c4 f5 37. Rd1+ Ke5 38. Rd5+ Kf6 39.
Bd7 f4 40. Bg4 Kg6 41. Rf5 Ra1+ 42. Kf2 Ra2+ 43. Kf3 Kg7 44. Rxf4 Ra3+ 45. Kf2
Ra5 46. Bf3 Ra3 47. c5 Rc3 48. c6 Rc5 49. Rd4 Rc2+ 50. Ke3 Kf6 51. Kd3 Rc1 52.
Rc4 Re1 53. c7 Re8 54. c8=Q Rxc8 55. Rxc8 Ke5 56. Kc4 Ke6 57. Rc6+ Ke7 58. Kd5
Kd7 59. g4 Ke7 60. Rc7+ Kd8 61. Kd6 Ke8 62. Be4 Kd8 63. Bd5 Ke8 64. Rc8# {
Hossa checkmated} 1-0

[Event "ICS rated blitz match"]
[Site "204.178.125.65"]
[Date "1999.12.01"]
[Round "?"]
[White "Hossa"]
[Black "PostModernist"]
[Result "1-0"]
[WhiteElo "2413"]
[BlackElo "2584"]
[PlyCount "157"]
[EventDate "1999.??.??"]

1. e4 c5 2. Nf3 e6 3. d4 cxd4 4. Nxd4 Nc6 5. Nc3 Qc7 6. Be2 a6 7. Be3 Nf6 8.
O-O Be7 9. Qd3 O-O 10. Rae1 Ne5 11. Qd2 Bb4 12. f3 d5 13. Bg5 Bxc3 14. bxc3
Ned7 15. exd5 Nxd5 16. c4 N5f6 17. Rd1 b6 18. Qb4 Rd8 19. Qe7 Re8 20. Qa3 Bb7
21. Rfe1 Red8 22. Qe7 Qe5 23. Bc1 Re8 24. Qb4 Rac8 25. c3 a5 26. Qb3 Ba6 27.
Ba3 Qe3+ 28. Kh1 Qg5 29. Qa4 Ne5 30. Nb5 Red8 31. Nd6 Rb8 32. Bf1 Ng6 33. Qb3
Nd7 34. Bc1 Qe7 35. Qa4 Nde5 36. Ba3 Qg5 37. Rd4 h6 38. Bc1 Qe7 39. Red1 f6 40.
Qb3 Nc6 41. R4d2 f5 42. Bb2 Qg5 43. Re2 Nce5 44. Ree1 Kh8 45. Ba3 Kh7 46. Qb2
Qh4 47. Qc1 f4 48. Qb1 Qg5 49. Ne4 Qh4 50. Bd6 Nxc4 51. Bxb8 Rxb8 52. Bxc4 Bxc4
53. Nd6 Bd5 54. c4 Bc6 55. Rxe6 Qh5 56. Rde1 Bxf3 57. Rxg6 Qxg6 58. Qxg6+ Kxg6
59. gxf3 Rd8 60. Re6+ Kh7 61. Kg2 Rf8 62. Kh3 a4 63. Kg4 g6 64. Re7+ Kg8 65.
Rb7 b5 66. c5 Rf6 67. Rxb5 g5 68. Ra5 Kh7 69. Kh5 a3 70. Rxa3 Kg8 71. Ra8+ Kh7
72. Rd8 Re6 73. c6 Re3 74. Rd7+ Kg8 75. c7 Rc3 76. Kxh6 Kf8 77. Rf7+ Kg8 78.
Re7 Rc5 79. Re8# {PostModernist checkmated} 1-0

[Event "ICS rated blitz match"]
[Site "204.178.125.65"]
[Date "1999.12.01"]
[Round "?"]
[White "attakinski"]
[Black "Hossa"]
[Result "1-0"]
[WhiteElo "2659"]
[BlackElo "2436"]
[PlyCount "187"]
[EventDate "1999.??.??"]

1. e4 c5 2. Nf3 d6 3. d4 cxd4 4. Nxd4 Nf6 5. Nc3 g6 6. Be3 Bg7 7. f3 O-O 8. Qd2
d5 9. e5 Ne8 10. f4 f6 11. O-O-O fxe5 12. fxe5 Nc6 13. Nf3 Bg4 14. Qxd5+ Qxd5
15. Nxd5 e6 16. Nf6+ Nxf6 17. exf6 Rxf6 18. Bc4 Rc8 19. Rhf1 Ne5 20. Nxe5 Rxf1
21. Rxf1 Bxe5 22. b3 Rc6 23. h3 Bf5 24. g4 Be4 25. Bxa7 Bg2 26. Re1 Bf4+ 27.
Be3 Bc7 28. Bb5 Rd6 29. Bf4 Ba5 30. Re2 Rd4 31. Bc4 Rxf4 32. Bxe6+ Kg7 33. Rxg2
Bc3 34. Rg1 Re4 35. Bd5 Re7 36. Bf3 b6 37. Bd1 Re3 38. h4 Rh3 39. h5 Rh2 40.
Rf1 Rg2 41. a4 h6 42. hxg6 Kxg6 43. Rf5 Kg7 44. Rb5 Bd4 45. c3 Be3+ 46. Kb1 Rd2
47. Bc2 Rg2 48. Bf5 h5 49. gxh5 Rg5 50. a5 bxa5 51. h6+ Kxh6 52. Rxa5 Kg7 53.
Rd5 Kf6 54. Rd3 Rg1+ 55. Kc2 Rg2+ 56. Kd1 Bf4 57. Be4 Rb2 58. Rf3 Kg5 59. Bc2
Ra2 60. Rd3 Ra6 61. Rd5+ Kh4 62. Ke2 Rd6 63. Rc5 Kg3 64. Bd3 Re6+ 65. Kd1 Re5
66. Rc8 Ra5 67. Be4 Ra2 68. Rg8+ Kh3 69. Bc2 Kh4 70. c4 Bg5 71. c5 Kh5 72. c6
Bf4 73. Rg7 Ra6 74. Be4 Ra1+ 75. Ke2 Rc1 76. b4 Rc4 77. Kf3 Be5 78. Rf7 Rc3+
79. Ke2 Kg5 80. Rf5+ Kg4 81. Rxe5 Kf4 82. Re8 Rc1 83. b5 Kg5 84. b6 Ra1 85. c7
Ra2+ 86. Ke3 Ra3+ 87. Bd3 Rc3 88. b7 Rxd3+ 89. Kxd3 Kf6 90. c8=Q Kg5 91. Rg8+
Kf6 92. b8=Q Kf7 93. Qe8+ Kf6 94. Qbe5# {Hossa checkmated} 1-0

[Event "ICS rated blitz match"]
[Site "204.178.125.65"]
[Date "1999.12.01"]
[Round "?"]
[White "Hossa"]
[Black "Beadle"]
[Result "0-1"]
[WhiteElo "2429"]
[BlackElo "2561"]
[PlyCount "66"]
[EventDate "1999.??.??"]

1. e4 Nc6 2. Nf3 e5 3. Bb5 a6 4. Ba4 Nf6 5. O-O Nxe4 6. Re1 Nc5 7. Bxc6 dxc6 8.
Nxe5 Be6 9. Qh5 g6 10. Qf3 Be7 11. Qe3 Nd7 12. Nf3 O-O 13. Nd4 Nc5 14. b4 Bf6
15. c3 Bxd4 16. cxd4 Re8 17. Qa3 Qxd4 18. Bb2 Bd5 19. Rf1 Qg4 20. f3 Re2 21.
Rf2 Re1+ 22. Rf1 Rxf1+ 23. Kxf1 Qc4+ 24. Kg1 Re8 25. bxc5 Re1+ 26. Kf2 Qe2+ 27.
Kg3 Rg1 28. Kf4 g5+ 29. Kf5 Qe6+ 30. Kxg5 Rxg2+ 31. Kf4 Qh6+ 32. Ke5 Qg7+ 33.
Kf4 33... Qg5# {Hossa checkmated} 0-1

[Event "ICS rated blitz match"]
[Site "204.178.125.65"]
[Date "1999.12.01"]
[Round "?"]
[White "Varguz"]
[Black "Hossa"]
[Result "1-0"]
[WhiteElo "2848"]
[BlackElo "2419"]
[PlyCount "50"]
[EventDate "1999.??.??"]

1. d4 d5 2. c4 dxc4 3. Nf3 Nf6 4. Nc3 Nc6 5. e3 Na5 6. Qa4+ c6 7. b4 cxb3 8.
axb3 Be6 9. Qxa5 Qxa5 10. Rxa5 Bxb3 11. Ra1 Bc2 12. Ne5 a6 13. d5 Nd7 14. dxc6
Nxe5 15. cxb7 Rb8 16. Bxa6 e6 17. Kd2 Bf5 18. e4 Bg4 19. h3 Bh5 20. Ra5 f6 21.
f4 Rxb7 22. fxe5 Rd7+ 23. Kc2 Rc7 24. exf6 Bb4 25. fxg7 25... Rxc3+ {
Hossa resigns} 1-0

[Event "ICS rated blitz match"]
[Site "204.178.125.65"]
[Date "1999.12.01"]
[Round "?"]
[White "Hossa"]
[Black "Varguz"]
[Result "0-1"]
[WhiteElo "2417"]
[BlackElo "2850"]
[PlyCount "100"]
[EventDate "1999.??.??"]

1. d4 Nf6 2. Nf3 e6 3. e3 b6 4. Bd3 Bb7 5. O-O d5 6. c4 Bd6 7. Nc3 Nbd7 8. cxd5
exd5 9. Re1 O-O 10. e4 dxe4 11. Nxe4 Nxe4 12. Bxe4 Bxe4 13. Rxe4 h6 14. Bd2 Nf6
15. Re1 Re8 16. Qc2 Qd7 17. Rac1 Rad8 18. Be3 Nd5 19. Re2 Re6 20. Kh1 Rde8 21.
Qb3 c6 22. Ree1 b5 23. a4 a6 24. axb5 axb5 25. Bd2 Rxe1+ 26. Rxe1 Rxe1+ 27.
Bxe1 Qc8 28. Qc2 Nf4 29. Ng1 c5 30. dxc5 Qxc5 31. Qd1 Be5 32. Qa1 Nd3 33. Qa5
Kh7 34. Qa8 f5 35. f4 Bd4 36. Nf3 Nxe1 37. Nxe1 Qc1 38. Qa5 Qc4 39. Nd3 Qxd3
40. Qe1 Bxb2 41. h3 Bc3 42. Qf2 Bd4 43. Qe1 b4 44. Kh2 b3 45. Kh1 b2 46. Kh2
b1=R 47. Qh4 Bg1+ 48. Kh1 Bf2+ 49. Kh2 Bxh4 50. g4 50... Qd2# {Hossa checkmated
} 0-1

[Event "ICS rated blitz match"]
[Site "204.178.125.65"]
[Date "1999.12.01"]
[Round "?"]
[White "PostModernist"]
[Black "Hossa"]
[Result "0-1"]
[WhiteElo "2561"]
[BlackElo "2415"]
[PlyCount "158"]
[EventDate "1999.??.??"]

1. Nf3 c5 2. g3 d5 3. Bg2 Nc6 4. d4 cxd4 5. Nxd4 Nf6 6. O-O e5 7. Nxc6 bxc6 8.
c4 Be6 9. Nc3 Be7 10. Bg5 Ng8 11. cxd5 cxd5 12. Be3 Nf6 13. f4 e4 14. f5 Bc8
15. Bd4 Rb8 16. Qa4+ Qd7 17. Qxd7+ Bxd7 18. Bxf6 gxf6 19. Nxd5 Rxb2 20. e3 Bc6
21. Bxe4 Bxd5 22. Bxd5 O-O 23. Rf2 Rb5 24. Bb3 Re5 25. Rf3 Bc5 26. Kf2 Rfe8 27.
Re1 Kg7 28. g4 Re4 29. h3 a5 30. Bc2 R4e5 31. a4 Rc8 32. Bd3 Rce8 33. Re2 Ba7
34. Rg3 Rc5 35. Bb5 Re4 36. Rg1 Rce5 37. Rge1 h5 38. Bc6 Rc4 39. Bb5 Rce4 40.
Bd3 Rxa4 41. gxh5 Kh6 42. Rg1 Ra3 43. Rd1 Kxh5 44. Kf3 Kh4 45. e4 Re7 46. Rg2
Rd7 47. Rg4+ Kh5 48. Ke2 a4 49. Rd2 Rb3 50. Rg7 a3 51. Rh7+ Kg5 52. Rh8 Rbxd3
53. Rxd3 Rxd3 54. Ra8 Rd7 55. Rg8+ Kh4 56. Rh8+ Kg3 57. Rc8 Bd4 58. Rc2 Bb2 59.
Rc8 a2 60. Ra8 a1=Q 61. Rxa1 Bxa1 62. h4 Kxh4 63. Kf3 Rd4 64. Ke3 Kg4 65. e5
Rd3+ 66. Kxd3 Kxf5 67. exf6 Kg4 68. Kc4 Bxf6 69. Kd3 Bh4 70. Ke2 f5 71. Kf1 f4
72. Kg1 Bg3 73. Kf1 f3 74. Kg1 Kf4 75. Kf1 Ke3 76. Kg1 Ke2 77. Kh1 Bf4 78. Kg1
f2+ 79. Kh1 79... f1=Q# {PostModernist checkmated} 0-1